Fraction action / (Record no. 8339)

MARC details
000 -LEADER
fixed length control field 01017pam a2200337 a 4500
001 - CONTROL NUMBER
control field 8339
003 - CONTROL NUMBER IDENTIFIER
control field FISKH
005 - DATE AND TIME OF LATEST TRANSACTION
control field 20250909151816.0
008 - FIXED-LENGTH DATA ELEMENTS--GENERAL INFORMATION
fixed length control field 930513s1994 nyua j 000 0 eng
010 ## - LIBRARY OF CONGRESS CONTROL NUMBER
LC control number 93022800
020 ## - INTERNATIONAL STANDARD BOOK NUMBER
International Standard Book Number 0823411095 :
Terms of availability $15.95
020 ## - INTERNATIONAL STANDARD BOOK NUMBER
International Standard Book Number 9780823412440
020 ## - INTERNATIONAL STANDARD BOOK NUMBER
International Standard Book Number 9780823411092
035 ## - SYSTEM CONTROL NUMBER
System control number 3942337
040 ## - CATALOGING SOURCE
Original cataloging agency DLC
Transcribing agency DLC
Modifying agency DLC
Language of cataloging eng
050 00 - LIBRARY OF CONGRESS CALL NUMBER
Classification number QA117
Item number .L44 1994
082 00 - DEWEY DECIMAL CLASSIFICATION NUMBER
Classification number 513.2/6
Edition number 20
100 1# - MAIN ENTRY--PERSONAL NAME
Personal name Leedy, Loreen.
245 10 - TITLE STATEMENT
Title Fraction action /
Statement of responsibility, etc. written and illustrated by Loreen Leedy.
260 ## - PUBLICATION, DISTRIBUTION, ETC.
Place of publication, distribution, etc. New York :
Name of publisher, distributor, etc. Holiday House,
Date of publication, distribution, etc. 1994.
300 ## - PHYSICAL DESCRIPTION
Extent 31 pages :
Other physical details color illustrations ;
Dimensions 28 cm
505 ## - FORMATTED CONTENTS NOTE
Formatted contents note M<br/>
520 ## - SUMMARY, ETC.
Summary, etc. Miss Prime and her animal students explore fractions by finding many examples in the world around them.
521 8# - TARGET AUDIENCE NOTE
Target audience note 530<br/>
Source Lexile <br/>
521 8# - TARGET AUDIENCE NOTE
Target audience note M<br/>
Source Raz-Plus <br/>
650 #0 - SUBJECT ADDED ENTRY--TOPICAL TERM
Topical term or geographic name entry element Fractions
General subdivision Juvenile literature.
650 #1 - SUBJECT ADDED ENTRY--TOPICAL TERM
Topical term or geographic name entry element Fractions.
906 ## - LOCAL DATA ELEMENT F, LDF (RLIN)
a 7
b cbc
c orignew
d 1
e ocip
f 19
g y-gencatlg
942 ## - ADDED ENTRY ELEMENTS (KOHA)
Source of classification or shelving scheme Dewey Decimal Classification
Koha item type Books
Suppress in OPAC No
Holdings
Withdrawn status Lost status Source of classification or shelving scheme Damaged status Not for loan Collection Home library Current library Shelving location Date acquired Total Checkouts Full call number Barcode Date last seen Copy number Price effective from Koha item type
    Dewey Decimal Classification     Juvenile Fiction Footprints International School Library Network Toul Tom Poung Campus Footprints International School Library Network Toul Tom Poung Campus TTP Primary Yellow Bookshelves 09/09/2025   LEE 513.26 QA117 .L44 FIS03658 09/09/2025 1 09/09/2025 Books